000 00861nam a2200241 i 4500
001 108717
003 ES-MaACL
005 20250825062630.0
008 160928s2016 sp a 000 1 spa
020 _a978-84-16605-33-0
080 _a087.5:82
100 1 _aCalders, Pere.
_933636
245 1 3 _aEl sombrero prodigioso y la barraca de los monstruos /
_cPere Calders ; traducción de Julià de Jòdar ; ilustraciones de Pep Boatella.
250 _a1ª ed.
260 _aBarcelona :
_bComanegra,
_c2016.
300 _a[47] p. :
_bprincipalmente il. col. ;
_c29 cm.
655 7 _aLibros infantiles
_2tgfbne
_9226786
700 1 _aJòdar, Julià de (
_d1942-)
_9173918
700 1 _aBoatella, Pep.
_9173919
852 4 _aES-MaACL
_jA-14809
_z Enc. cart.
_9112840
_bR.152226
_cDEPO1
_dOlim: N-7809
_hDonación: Editorial
942 _2udc
999 _c108717
_d108717